00857cam a22002413a 45000010005000000030006000050050017000110080041000280400015000690420007000840500007000911000038000982450114001362600029002505060030002795160020003096530065003296530051003946530063004456530038005088300028005468560041005743395PGUSA20140828083031.0041022s2004||||xxu|||||s|||||000 | eng d aPGUSAbeng adc 4aPS1 aHowells, William Dean,d1837-192010aOliver Wendell Holmes (from Literary Friends and Acquaintance)h[electronic resource] /cWilliam Dean Howells bProject Gutenberg,c2004 aPublic domain in the USA. aElectronic text aAmerican literature -- 19th century -- History and criticism aAuthors, American -- 19th century -- Biography aHowells, William Dean, 1837-1920 -- Friends and associates aHolmes, Oliver Wendell, 1841-1935 0aProject Gutenbergv339540uhttp://www.gutenberg.org/ebooks/3395